000 00675nam a22002057a 4500
005 20250921062524.0
008 241004b |||||||| |||| 00| 0 eng d
020 _a9781984680105
082 _aDC 658.3 T413 2023
100 _a3G E-Learning.
_933638
245 _aHuman resource :
_bplanning and resourcing /
_c3G E-Learning.
250 _aSecond edition.
260 _aNew York :
_b3G E-Learning, LLC.,
_c©2023.
300 _axii, 323 pages :
_bcolor illustrations ;
_c25 cm.
500 _aIncludes references and index.
650 0 _aHuman Resource Management.
_963086
650 0 _aPersonnel management.
_963087
710 _a3G E-Learning.
_933636
942 _2ddc
_cDC
999 _c22175
_d22175